Social geographies the basics (Record no. 1308361)

MARC details
000 -LEADER
fixed length control field 01764nam a2200265 4500
005 - DATE AND TIME OF LATEST TRANSACTION
control field 20250401162641.0
008 - FIXED-LENGTH DATA ELEMENTS--GENERAL INFORMATION
fixed length control field 250401b |||||||| |||| 00| 0 eng d
020 ## - INTERNATIONAL STANDARD BOOK NUMBER
International Standard Book Number 9781032211251
037 ## - SOURCE OF ACQUISITION
Terms of availability Textual
040 ## - CATALOGING SOURCE
Original cataloging agency RTL
Transcribing agency RTL
084 ## - COLON CLASSIFICATION NUMBER
Classification number U475 R4
Assigning agency RTL
100 ## - MAIN ENTRY--PERSONAL NAME
Personal name Browne, Kath
9 (RLIN) 323791
245 ## - TITLE STATEMENT
Title Social geographies the basics
250 ## - EDITION STATEMENT
Edition statement 1st
260 ## - PUBLICATION, DISTRIBUTION, ETC.
Place of publication, distribution, etc. London
Name of publisher, distributor, etc. Routledge
Date of publication, distribution, etc. 2024
300 ## - PHYSICAL DESCRIPTION
Extent x,189p.
Other physical details Includes bibliographical references and index
520 ## - SUMMARY, ETC.
Summary, etc. This book approaches social geographies by beginning with the resistances, contestations and ‘solutions’ that communities use to challenge exclusions in place and space in order to create equitable societies. It then addresses the inequalities, precarities, and ‘problems’ that prompt these interventions. This allows the book to emphasise the importance of activism in the here and now, and to show how activism often makes issues visible and contested in ways that are then theorised by academics. Social Geographies starts with solidarities, communities, and networks before moving to examine difference, precarity, and mobilities. Each chapter offers key case studies that centre resistance, contestations of inequitable power, and local knowledges that can often be seen as ‘solutions’ to national and transnational issues, creating a decolonial understanding of ‘social geography from below’ within and across national contexts.
650 ## - SUBJECT ADDED ENTRY--TOPICAL TERM
Topical term or geographic name entry element Human Geography
650 ## - SUBJECT ADDED ENTRY--TOPICAL TERM
Topical term or geographic name entry element Social Geography
650 ## - SUBJECT ADDED ENTRY--TOPICAL TERM
Topical term or geographic name entry element Sociology & Social Policy
9 (RLIN) 751599
700 ## - ADDED ENTRY--PERSONAL NAME
Personal name Borisa,Dhiren
Relator term Co-author
9 (RLIN) 751703
700 ## - ADDED ENTRY--PERSONAL NAME
Personal name Gilmartin, Mary
Relator term Co-author
9 (RLIN) 751704
700 ## - ADDED ENTRY--PERSONAL NAME
Personal name Banerjea, Niharika
Relator term Co-author
9 (RLIN) 751705
942 ## - ADDED ENTRY ELEMENTS (KOHA)
Source of classification or shelving scheme Colon Classification (CC)
Suppress in OPAC No
Koha item type Textbook
Classification part U475 R4
Holdings
Withdrawn status Lost status Source of classification or shelving scheme Damaged status Not for loan Home library Current library Date acquired Total Checkouts Full call number Barcode Date last seen Date last checked out Price effective from Koha item type
    Colon Classification (CC)     Ratan Tata Library Ratan Tata Library 2025-04-01 1 U475 R4 RT1528292 2025-12-08 2025-11-25 2025-04-01 Textbook
Copyright @ Delhi University Library System